000 01162nam a2200253 a 4500
003 DO-SdBNP
005 20240404102632.0
007 ta
008 211028e2021 dr ||||er|||| 001 0 spa d
040 _aDO-SdBNP
_bspa
_cBNPHU
082 4 _222
_bA168n
110 2 2 _aAcademia Dominicana de la Historia
_9777
245 1 0 _aNormas para publicar trabajos en Clío /
260 _aSanto Domingo :
_bBúho,
_c2021
300 _a[19 p.] ;
_c13 cm.
490 _aInstitucionales ;
_v2
505 _a
_tNormas para publicar trabajos en Clío.--
_tLibros.--
_tUn autor.--
_tDos autores.--
_tCon tres, cuatro o más autores.--
_tUna organización como autor.--
_tNúmero de edición.--
_tEdiciones reimpresas.--
_tCon varios volúmenes.--
_tArtículos publicados en libros.--
_tRevistas y publicaciones periódicas científicas.--
_tTesis inéditas.--
_tDocumentos.--
_tPeriódicos.--
_tEntrevistas.--
_tPáginas Web.
590 _aInventariado 2021 / MF
610 2 0 _aAcademia Dominicana de la Historia
_9777
650 4 _aPublicaciones científicas
_980370
650 4 _aHistoria
_xInvestigaciones
_980371
830 _ainstitucionales ;
_n2
_980372
942 _2ddc
_cLF2
999 _c50820
_d50820